Composite materials for aircraft structures, 2nd Ed (Record no. 304546)
[ view plain ]
| 000 -LEADER | |
|---|---|
| fixed length control field | 00362 a2200133 4500 |
| 001 - CONTROL NUMBER | |
| control field | 69473 |
| 082 ## - DEWEY DECIMAL CLASSIFICATION NUMBER | |
| Classification number | 629.134 BAK |
| 090 ## - LOCALLY ASSIGNED LC-TYPE CALL NUMBER (OCLC); LOCAL CALL NUMBER (RLIN) | |
| -- | 38689 |
| -- | 38689 |
| 100 ## - MAIN ENTRY--PERSONAL NAME | |
| Personal name | Baker Allan; Stuart. Dutton; Donald Kelly |
| 245 ## - TITLE STATEMENT | |
| Title | Composite materials for aircraft structures, 2nd Ed |
| 250 ## - EDITION STATEMENT | |
| Edition statement | 2 |
| 260 ## - PUBLICATION, DISTRIBUTION, ETC. | |
| Place of publication, distribution, etc. | Reston |
| Name of publisher, distributor, etc. | AAIA Education series |
| Date of publication, distribution, etc. | 2004 |
| 300 ## - PHYSICAL DESCRIPTION | |
| Extent | xx, 599 p. |
| 942 ## - ADDED ENTRY ELEMENTS (KOHA) | |
| Institution code [OBSOLETE] | NUST-CAE |
| Call number prefix | 629.134 BAK |
| Withdrawn status | Lost status | Damaged status | Not for loan | Collection code | Permanent Location | Current Location | Date acquired | Total Checkouts | Full call number | Barcode | Date last seen | Price effective from | Koha item type |
|---|---|---|---|---|---|---|---|---|---|---|---|---|---|
| College of Aeronautical Engineering (CAE) | College of Aeronautical Engineering (CAE) | 04/03/2017 | 629.134 BAK | CAEN-3718 | 04/05/2017 | 04/05/2017 | Book |
